Loading...
RESEARCH
| Main Author: | |
|---|---|
| Format: | Printed Book |
| Published: |
സമസ്തകേരള സാഹിത്യപരിഷത്തു വക ത്രൈമാസികം
|
| Subjects: | |
| Online Access: | http://10.26.1.76/ks/008109.pdf |
| LEADER | 00464nam a2200133 4500 | ||
|---|---|---|---|
| 999 | |c 183175 |d 183171 | ||
| 100 | |a ULLOOR |9 157215 | ||
| 245 | |a RESEARCH | ||
| 260 | |b സമസ്തകേരള സാഹിത്യപരിഷത്തു വക ത്രൈമാസികം | ||
| 300 | |a p.457-480 | ||
| 650 | |a KERALA HISTORY |9 157216 | ||
| 856 | |u http://10.26.1.76/ks/008109.pdf | ||
| 942 | |c KS | ||
| 952 | |0 0 |1 0 |4 0 |7 0 |9 181882 |a MGUL |b MGUL |d 2019-06-13 |l 0 |r 2019-06-13 |w 2019-06-13 |y KS | ||